MARC details
| 000 -LEADER |
| fixed length control field |
01609nam a22003857a 4500 |
| 001 - CONTROL NUMBER |
| control field |
03600 |
| 003 - CONTROL NUMBER IDENTIFIER |
| control field |
HDC |
| 007 - PHYSICAL DESCRIPTION FIXED FIELD--GENERAL INFORMATION |
| fixed length control field |
cr bn ---aaaaa |
| 008 - FIXED-LENGTH DATA ELEMENTS--GENERAL INFORMATION |
| fixed length control field |
210111t2016 flu||||| |||| 00| 0 eng |
| 020 ## - INTERNATIONAL STANDARD BOOK NUMBER |
| International Standard Book Number |
1-56670-563-0 |
| 040 ## - CATALOGING SOURCE |
| Original cataloging agency |
HDC |
| 100 ## - MAIN ENTRY--PERSONAL NAME |
| Personal name |
Ahuja, Lajpat R. |
| Relator term |
author |
| 9 (RLIN) |
3110 |
| 245 #0 - TITLE STATEMENT |
| Title |
Agricultural System Models In Field Research And Technology Transfer. Chapter 13 : |
| Remainder of title |
Topographic Analysis, Scaling, and Models to Evaluate Spatial/Temporal Variability of Landscape Processes and Management / by |
| Statement of responsibility, etc. |
Lajpat R. Ahuja, Timothy R. Green, Robert H. Erskine, Liwang Ma, James C. Ascough II, Gale H. Dunn, Marvin J. Shaffer, and Ana Martinez |
| 260 ## - PUBLICATION, DISTRIBUTION, ETC. |
| Place of publication, distribution, etc. |
Boca Raton, Florida: |
| Name of publisher, distributor, etc. |
CRC Press, |
| Date of publication, distribution, etc. |
2016 |
| 300 ## - PHYSICAL DESCRIPTION |
| Extent |
8 pages |
| 336 ## - CONTENT TYPE |
| Content type term |
text |
| Source |
rdacontent |
| 337 ## - MEDIA TYPE |
| Media type term |
computer |
| Source |
rdamedia |
| 338 ## - CARRIER TYPE |
| Carrier type term |
online resource |
| Source |
rdacarrier |
| 500 ## - GENERAL NOTE |
| General note |
Includes bibliographical references |
| 650 ## - SUBJECT ADDED ENTRY--TOPICAL TERM |
| Topical term or geographic name entry element |
Agricultural System |
| 9 (RLIN) |
3107 |
| 650 ## - SUBJECT ADDED ENTRY--TOPICAL TERM |
| Topical term or geographic name entry element |
Evaluate Spatial |
| 9 (RLIN) |
3185 |
| 650 ## - SUBJECT ADDED ENTRY--TOPICAL TERM |
| Topical term or geographic name entry element |
Landscape Processes |
| 9 (RLIN) |
3186 |
| 650 ## - SUBJECT ADDED ENTRY--TOPICAL TERM |
| Topical term or geographic name entry element |
Topographic Analysis |
| 9 (RLIN) |
3184 |
| 700 ## - ADDED ENTRY--PERSONAL NAME |
| Personal name |
Liwang,Ma |
| Relator term |
author |
| 9 (RLIN) |
3111 |
| 700 ## - ADDED ENTRY--PERSONAL NAME |
| Personal name |
Ascough II, James C. |
| Relator term |
author |
| 9 (RLIN) |
3189 |
| 700 ## - ADDED ENTRY--PERSONAL NAME |
| Personal name |
Dunn, Gale H. |
| Relator term |
author |
| 9 (RLIN) |
3190 |
| 700 ## - ADDED ENTRY--PERSONAL NAME |
| Personal name |
Erskine, Robert H. |
| Relator term |
author |
| 9 (RLIN) |
3188 |
| 700 ## - ADDED ENTRY--PERSONAL NAME |
| Personal name |
Green, Tomothy R. |
| Relator term |
author |
| 9 (RLIN) |
3187 |
| 700 ## - ADDED ENTRY--PERSONAL NAME |
| Personal name |
Martinez, Ana |
| Relator term |
author |
| 9 (RLIN) |
3192 |
| 700 ## - ADDED ENTRY--PERSONAL NAME |
| Personal name |
Shaffer, Marvin J. |
| Relator term |
author |
| 9 (RLIN) |
3191 |
| 856 ## - ELECTRONIC LOCATION AND ACCESS |
| Public note |
Request full-text at [email protected] |
| 942 ## - ADDED ENTRY ELEMENTS (KOHA) |
| Source of classification or shelving scheme |
Library of Congress Classification |
| 942 ## - ADDED ENTRY ELEMENTS (KOHA) |
| Koha item type |
Chapter in Books |
| 942 ## - ADDED ENTRY ELEMENTS (KOHA) |
| Call number prefix |
EBCH 001632 |